| 000 | 00361nam a22001457a 4500 | ||
|---|---|---|---|
| 999 |
_c527579 _d527579 |
||
| 020 |
_a9789332550162 _qPB |
||
| 040 |
_cNUST _dNUST |
||
| 082 |
_a629.83 _bOGA |
||
| 100 |
_aOgata , Katsuhiko _918913 |
||
| 245 | _aMODERN CONTROL ENGINEERING \ | ||
| 250 | _a5th ed. | ||
| 260 |
_aNew Delhi , ; _bPearson , _c2018. |
||
| 300 |
_a904 p. ; _b25 cm. |
||
| 942 |
_2ddc _cBK |
||